| 000 | 00607nam a22002177a 4500 | ||
|---|---|---|---|
| 999 |
_c2054 _d2054 |
||
| 003 | AR-CdUCM | ||
| 008 | 190301b ||||| |||| 00| 0 spa d | ||
| 020 | _a978-0-578-13173-3 | ||
| 040 |
_aMUNICIPALIDAD PROVINCIAL DEL CUSCO _cBIBLIOTECA MUNICIPAL DEL CUSCO |
||
| 041 | _heng | ||
| 082 |
_a808.81 / _bP19 |
||
| 100 |
_aPalazzo Conti, Teresa _97435 |
||
| 245 | _aAlegato de Mujer / | ||
| 260 | _aEstados Unidos. | ||
| 300 |
_a107 páginas _bfotografías _c21cm |
||
| 440 |
_aMariposa Blanca _97436 |
||
| 505 | _aPoesía | ||
| 650 |
_aPoesía _9139 |
||
| 942 |
_2ddc _cLIBROS |
||
| 945 |
_anom _d2019-03-01 |
||